000 00834nam a2200217 i 4500
001 167939
003 ES-MaACL
005 20250812085439.0
008 050930s1862 xxk | |||||||| ||eng d
040 _aCAM
_bspa
_cCAM
100 1 _aWilson, Horace Hayman.
_9133940
245 1 0 _aEssays and lectures chiefly on the religion of the hindus /
_cby the late H.H. Wilson; collected and edited by Reinhold Rost.
260 _aLondon :
_bTrübner & co.,
_c1862 (
_eBerlin :
_fUnger Brothers)
300 _a2 v. (XII, 398 p.; 416 p.) ;
_c23 cm.
490 1 _aWorks by the late Horace Hayman Wilson ;
_v1; 2
650 7 _aHinduismo
_2embne
_9136230
700 1 _aRost, Reinhold.
_9132083
830 0 _aWorks by the late Horace Hayman Wilson ;
_v1; 2
_9188774
852 _aES-MaACL
_jG-11698-99
_z-- Enc. tela
999 _c167939
_d167939